000 00526nam a2200169 4500
003 SEACOMMC
005 20250419135705.0
008 240930b |||||||| |||| 00| 0 eng d
020 _a81-2591-545-1
_cR.350.00
040 _aSEACOMMC
082 _a005.43
_bL 782
100 _a Litvin, M.
245 1 _aProgramming with C++ and Data Structures : An Introduction to Programming and Computer Science
_c M. Litvin, & G Litvin
260 _aNew Delhi
_b Vikas Publishing House
_c 2001
650 _aComputer Science
942 _cBOOK
999 _c615
_d615